000 00656nam a2200277Ia 4500
005 20260324142838.0
008 008 260324s9999 xx 000 0 eng d
020 _a9780203699744
037 _aEBOOK
040 _aCRL
040 _beng
040 _cCRL
041 _2eng
041 _aeng
084 _qCRL
100 _aMarjorie Garber; Jann Matlock; Rebecca L. Walkowitz
_91213445
245 0 _aMedia Spectacles
260 _bTaylor and Francis
260 _c1993
365 _a
365 _b300
856 _uhttp://www.taylorfrancis.com/books/9780203699744
942 _cEBOOK
999 _c1818134
_d1818134